Normal view
MARC view
Entry Topical Term
001 - CONTROL NUMBER
- control field: 60048
003 - CONTROL NUMBER IDENTIFIER
- control field: OSt
005 - DATE AND TIME OF LATEST TRANSACTION
- control field: 20260410124832.0
008 - FIXED-LENGTH DATA ELEMENTS
- fixed length control field: 260410|| aca||aabn | a|a d
040 ## - CATALOGING SOURCE
- Original cataloging agency: OSt
- Transcribing agency: OSt
150 ## - HEADING--TOPICAL TERM
- Topical term or geographic name entry element: Palliative care, Care work, Health policy, Gender and care work
670 ## - SOURCE DATA FOUND
- Source citation: Work cat.: (OSt): Neetha, N. and Thresia, C. U. 60047, Community nurses in palliative care in Kerala: Underpaid, overworked and vulnerable care workers
